000
00503nam a2200181Ia 4500
008
090123s9999 xx 000 0 und d
082
_b
3708
100
_a
जयलक्ष्मी एम.के.
245
_a
मायद बले
250
_a
1
260
_c
1974
300
_a
229
600
_a
जयलक्ष्मी एम.के.
630
_a
मायद बले
700
_a
जयलक्ष्मी एम.के.
730
_a
मायद बले
942
_c
BOOK
999
_c
41787
_d
41787